Results of the archbold expeditions. N° 102. the species of Chiropodomys, arboreal mice of Indochina and the Malay Archipielago (Registro nro. 10449)
[ vista simple ]
| 000 -CABECERA | |
|---|---|
| Campo de control | 006190000a22001810004500 |
| 090 ## - CLASIFICACIÓN LOCAL | |
| Colección | AR |
| Consecutivo | 01364 |
| 041 0# - IDIOMA | |
| Código de idioma para texto/pista de sonido o título separado | |
| 100 1# - ASIENTO PRINCIPAL--NOMBRE PERSONAL | |
| Nombre personal | Musser, Guy G. |
| 245 10 - MENCION DE TITULO | |
| Título | Results of the archbold expeditions. N° 102. the species of Chiropodomys, arboreal mice of Indochina and the Malay Archipielago |
| 650 14 - ASIENTO SECUNDARIO DE MATERIA - TERMINO TEMATICO | |
| Término temático o nombre geográfico como elemento de entrada | Roedores |
| 650 14 - ASIENTO SECUNDARIO DE MATERIA - TERMINO TEMATICO | |
| Término temático o nombre geográfico como elemento de entrada | Morfología |
| 650 14 - ASIENTO SECUNDARIO DE MATERIA - TERMINO TEMATICO | |
| Término temático o nombre geográfico como elemento de entrada | Expediciones científicas |
| 651 #4 - ASIENTO SECUNDARIO DE MATERIA - NOMBRE GEOGRAFICO | |
| -- | Indochina |
| 651 #4 - ASIENTO SECUNDARIO DE MATERIA - NOMBRE GEOGRAFICO | |
| -- | Archipiélago Malayo |
| 653 ## - TERMINO DE INDIZACION - NO CONTROLADO | |
| -- | Chiropodomys |
| 773 1# - Item fuente: | |
| Título | Bulletin American Museum of Natural History |
| Especificación de materiales | 179 |
| Descripción física | 162 |
| Paginas del Articulo | 383-445 |
| Lugar, editorial y fecha de publicación | 1979 |
| 942 ## - ELEMENTOS ADICIONALES (KOHA) | |
| Tipo de ítem | Artículo |
| Withdrawn status | Lost status | Damaged status | No para préstamo | Colección | Ubicación Permanente | Ubicación actual | Fecha de adquisición | Fuente de Valor | Datos de publicación Seriada | Total Checkouts | Número topográfico | Inventario / Código de Barras | Date last seen | Ejemplar | Price effective from | Forma de adquisición | Tipo de material |
|---|---|---|---|---|---|---|---|---|---|---|---|---|---|---|---|---|---|
| No para Préstamo | Hemeroteca | Bogotá | Bogotá | 27/02/2015 | Muñoz Saba, Yaneth | Fuera de circulación | AR 01364 | 011712 | 25/03/2015 | 1 | 25/03/2015 | Artículo | |||||
| No para Préstamo | Hemeroteca | Bogotá | Bogotá | 27/02/2015 | Muñoz Saba, Yaneth | Fuera de circulación | AR 01364 | 011713 | 25/03/2015 | 2 | 25/03/2015 | Artículo |